000
00333nam a22001577a 4500
003
SGT
020
_a
9789354659508
082
_a
618.92
_b
U22G
100
_a
GUPTA, PIYUSH
245
_a
UG TB. OF PEDIATRICS
250
_a
1ST
260
_a
INDIA
_b
JAYPEE PUB
_c
2024
300
_a
1105
650
_a
PEDIATRICS
942
_2
ddc
_c
BK
999
_c
26347
_d
26347